[Event "Titled Tue 24th Jun Late"]
[Site "chess.com INT"]
[Date "2025.06.24"]
[Round "2"]
[White "Soza de la Carrera, Jose"]
[Black "Goncharov, Vladimir"]
[Result "1-0"]
[WhiteTitle "CM"]
[WhiteElo "2221"]
[BlackElo "2077"]
[WhiteFideId "3401278"]
[BlackFideId "34162256"]
[EventDate "2025.06.24"]

1. d4 Nf6 2. c4 c5 3. d5 e6 4. Nc3 exd5 5. cxd5 d6 6. Nf3 g6 7. g3 Bg7 8. Bg2
O-O 9. O-O Na6 10. Re1 Nc7 11. a4 a6 12. e4 Bg4 13. h3 Bxf3 14. Bxf3 Nd7 15. Bg2
b5 16. axb5 Nxb5 17. Bd2 Qb6 18. Kh2 Rfe8 19. f4 Nd4 20. Ra2 f5 21. exf5 gxf5
22. Re6 Rab8 23. Qe1 Nxe6 24. dxe6 Nf6 25. Nd5 Nxd5 26. Bxd5 Kh8 27. g4 c4 28.
gxf5 Qd4 29. Bc6 Rec8 30. e7 Qf6 31. e8=Q+ Rxe8 32. Bxe8 Qxf5 33. Rxa6 d5 34.
Bh5 d4 35. Re6 1-0

[Event "Titled Tue 24th Jun Late"]
[Site "chess.com INT"]
[Date "2025.06.24"]
[Round "2"]
[White "Ferraz, Michel Liah"]
[Black "Rajaram, Rohan"]
[Result "0-1"]
[BlackTitle "CM"]
[WhiteElo "2007"]
[BlackElo "2164"]
[WhiteFideId "22743219"]
[BlackFideId "30940729"]
[EventDate "2025.06.24"]

1. d4 Nf6 2. c4 e6 3. Nc3 Bb4 4. Qc2 O-O 5. Nf3 Bxc3+ 6. Qxc3 Ne4 7. Qc2 d5 8.
e3 Nd7 9. Bd3 f5 10. O-O b6 11. cxd5 exd5 12. Qc6 Rb8 13. Qxd5+ Kh8 14. Bb5 Nd6
15. Bc6 Ba6 16. b3 Bxf1 17. Kxf1 Nf6 18. Qe5 Nfe4 19. Ba3 Rf6 20. d5 Qc8 21. Nd4
Qa6+ 22. Kg1 Qxa3 23. f3 Qb2 24. Rf1 Nc3 25. Qe7 Ne2+ 26. Nxe2 Qxe2 27. Qxc7
Qxe3+ 28. Kh1 Rbf8 29. Qxa7 Ne4 30. fxe4 fxe4 31. Rg1 Qxg1+ 32. Kxg1 Rf1# 0-1

[Event "Titled Tue 24th Jun Late"]
[Site "chess.com INT"]
[Date "2025.06.24"]
[Round "2"]
[White "Fernandes, Rogerio Paulo Muller"]
[Black "Shymanskyi, Oleksandr"]
[Result "0-1"]
[BlackTitle "FM"]
[WhiteElo "2241"]
[BlackElo "2218"]
[WhiteFideId "2101599"]
[BlackFideId "14168880"]
[EventDate "2025.06.24"]

1. c4 e6 2. g3 d5 3. Bg2 Nf6 4. Nf3 dxc4 5. Qa4+ c6 6. Qxc4 b5 7. Qc2 Bb7 8. d4
Nbd7 9. O-O c5 10. dxc5 Bxc5 11. Nc3 Rc8 12. Qd3 a6 13. Bg5 Qb6 14. Rad1 O-O 15.
a3 h6 16. Bxf6 Nxf6 17. e3 Rfd8 18. Qb1 a5 19. Rxd8+ Rxd8 20. Rd1 Rc8 21. Qd3
Bc6 22. Ne5 Bxg2 23. Kxg2 b4 24. Na4 Qb7+ 25. f3 Be7 26. axb4 axb4 27. b3 Nd5
28. e4 Nc3 29. Qd7 Qxd7 30. Rxd7 Bf6 31. Nxf7 Nxa4 32. bxa4 Rb8 33. e5 b3 34.
exf6 b2 35. fxg7 Kxg7 36. Ne5+ Kg8 0-1

[Event "Titled Tue 24th Jun Late"]
[Site "chess.com INT"]
[Date "2025.06.24"]
[Round "2"]
[White "Martinez Alcantara, Jose Eduardo"]
[Black "Li, Yilin"]
[Result "1-0"]
[WhiteTitle "GM"]
[BlackTitle "WFM"]
[WhiteElo "2611"]
[BlackElo "1922"]
[WhiteFideId "3805662"]
[BlackFideId "8610410"]
[EventDate "2025.06.24"]

1. c4 e6 2. g3 d5 3. Nf3 c6 4. Bg2 Nf6 5. O-O Be7 6. Qc2 O-O 7. b3 d4 8. Bb2 c5
9. e3 Nc6 10. exd4 cxd4 11. d3 a5 12. Na3 Re8 13. Qe2 e5 14. Nb5 Bc5 15. h3 e4
16. dxe4 d3 17. Qd1 Nxe4 18. Ba3 Bb6 19. c5 Bxc5 20. Bxc5 Nxc5 21. Rc1 Ne4 22.
Nd2 Nxd2 23. Qxd2 Nb4 24. a3 Nc2 25. Rfd1 Bf5 26. Qf4 Qf6 27. Nc7 Nd4 28. Nxe8
Ne2+ 29. Kh2 Rxe8 30. Qa4 Rd8 31. Rc7 Nc3 32. Rxc3 Qxc3 33. b4 axb4 34. Qa5 Qc8
35. Qxb4 h6 36. Rd2 Re8 37. Bf3 Qe6 38. Qf4 Bxh3 39. Rxd3 Bf1 40. Re3 Qh3+ 41.
Kg1 Rxe3 42. Qxe3 g5 43. Qe8+ Kg7 44. Qe5+ Kf8 45. Qd6+ Kg7 46. Qd4+ Kf8 47.
Qc5+ Kg7 48. Qc3+ Kf8 49. Bxb7 Be2 50. Qc5+ Kg7 51. Qe5+ Kf8 52. Qxe2 1-0

[Event "Titled Tue 24th Jun Late"]
[Site "chess.com INT"]
[Date "2025.06.24"]
[Round "2"]
[White "Nguyen, Ngoc Truong Son"]
[Black "Golis, Wiktor"]
[Result "1-0"]
[WhiteTitle "GM"]
[BlackTitle "FM"]
[WhiteElo "2600"]
[BlackElo "2307"]
[WhiteFideId "12401110"]
[BlackFideId "21055874"]
[EventDate "2025.06.24"]

1. e4 c5 2. c3 Nf6 3. e5 Nd5 4. Nf3 Nc6 5. d4 cxd4 6. cxd4 d6 7. Bc4 Nb6 8. Bb3
dxe5 9. dxe5 Qxd1+ 10. Bxd1 g6 11. O-O Bg7 12. Re1 O-O 13. Nc3 Bg4 14. Bf4 Rfd8
15. h3 Bxf3 16. Bxf3 Nc4 17. Bxc6 bxc6 18. b3 Nb6 19. Rac1 Rac8 20. Ne4 Nd5 21.
Bg3 Nb4 22. Nc5 Nxa2 23. Rc4 a5 24. e6 f5 25. Bh4 Rc7 26. Nd7 Bf8 27. Ra1 Nb4
28. Rxa5 Rb7 29. g4 fxg4 30. hxg4 Nd3 31. Rd4 Rxb3 32. Nf6+ exf6 33. Rxd8 Ne5
34. Bxf6 Nf3+ 35. Kg2 Ne1+ 36. Kf1 Rb1 37. Rxf8+ Kxf8 38. Ra8+ 1-0

[Event "Titled Tue 24th Jun Late"]
[Site "chess.com INT"]
[Date "2025.06.24"]
[Round "2"]
[White "Borges, Wagner da Silva"]
[Black "Zhu, Linxi"]
[Result "0-1"]
[WhiteTitle "CM"]
[BlackTitle "FM"]
[WhiteElo "2062"]
[BlackElo "2312"]
[WhiteFideId "2100401"]
[BlackFideId "39900428"]
[EventDate "2025.06.24"]

1. c4 Nf6 2. g3 c6 3. Bg2 d5 4. cxd5 cxd5 5. d4 g6 6. Nf3 Bg7 7. Nc3 O-O 8. O-O
Nc6 9. Bf4 Bf5 10. Rc1 Ne4 11. h3 Rc8 12. g4 Nxc3 13. bxc3 Be4 14. Qb3 b6 15.
Qa3 Na5 16. Ne5 Bxg2 17. Kxg2 a6 18. Rfd1 b5 19. Nd3 Rc6 20. Ne5 Re6 21. Rc2
Bxe5 22. Bxe5 Nc4 23. Qc5 Nxe5 24. dxe5 Rxe5 25. f4 Re4 26. Qxd5 Qxd5 27. Rxd5
Rxf4 28. Rd7 e6 29. Kg3 Rc4 30. Ra7 Rc6 31. Kf2 Rfc8 32. e3 Kg7 33. g5 Rc5 34.
Rxa6 Rxg5 35. Kf3 Rgc5 36. Rb6 Ra8 37. Rb2 Rxc3 38. R6xb5 Rca3 0-1

[Event "Titled Tue 24th Jun Late"]
[Site "chess.com INT"]
[Date "2025.06.24"]
[Round "2"]
[White "Manukyan, Sargis A."]
[Black "Zhigalko, Sergei"]
[Result "1-0"]
[WhiteTitle "FM"]
[BlackTitle "GM"]
[WhiteElo "2294"]
[BlackElo "2572"]
[WhiteFideId "13303970"]
[BlackFideId "13502956"]
[EventDate "2025.06.24"]

1. d4 d5 2. c4 e6 3. Nc3 c6 4. e3 Bd6 5. Nf3 f5 6. Ne5 Nf6 7. f4 O-O 8. Be2 b6
9. O-O Bb7 10. a3 Nbd7 11. b4 Ne4 12. Nxe4 fxe4 13. c5 Bxe5 14. fxe5 a5 15. Bd2
Ba6 16. Bxa6 Rxa6 17. Qg4 Qe8 18. Rxf8+ Nxf8 19. cxb6 a4 20. b7 Rb6 21. Qd1 Ra6
22. Qf1 Ra7 23. Rc1 Rxb7 24. Qa6 Rc7 25. b5 Nd7 26. b6 Qc8 27. Qxc8+ Rxc8 28. b7
Rc7 29. Rb1 Nb8 30. Ba5 Rd7 31. Rb6 Kf7 32. Bb4 Kg6 33. Bd6 Na6 34. Rxa6 1-0

[Event "Titled Tue 24th Jun Late"]
[Site "chess.com INT"]
[Date "2025.06.24"]
[Round "2"]
[White "Estrada Nieto, Julian"]
[Black "Maksimovic, Bojan"]
[Result "0-1"]
[WhiteTitle "IM"]
[BlackTitle "IM"]
[WhiteElo "2181"]
[BlackElo "2514"]
[WhiteFideId "5101018"]
[BlackFideId "14408120"]
[EventDate "2025.06.24"]

1. e4 a6 2. d4 e6 3. Nf3 d5 4. Nbd2 c5 5. dxc5 Bxc5 6. Bd3 Nf6 7. Qe2 Nc6 8. c3
Qc7 9. O-O O-O 10. e5 Ng4 11. Bxh7+ Kxh7 12. Ng5+ Kg8 13. Qxg4 Qxe5 14. Nb3 Be7
15. Bf4 Qf6 16. Qh5 Qh6 17. Qxh6 gxh6 18. Nf3 Kh7 19. Rad1 f6 20. Be3 a5 21. Bc5
a4 22. Bxe7 Nxe7 23. Nbd4 e5 24. Nb5 Bg4 25. Rd2 Bxf3 26. gxf3 Rac8 27. Rfd1 Rc6
28. Na3 Rfc8 29. Nc2 d4 30. Nb4 dxc3 31. bxc3 Rxc3 32. Rd7 R8c7 33. Rxc7 Rxc7
34. Rd6 Kg6 35. Rb6 Kf5 36. Kf1 Rd7 37. Ke2 Ng6 38. Nd3 Nh4 39. Rb4 Nxf3 40.
Kxf3 Rxd3+ 41. Ke2 Ra3 42. Rxb7 Rxa2+ 43. Kf3 Ra1 44. Rh7 Kg6 45. Ra7 a3 46. Ra6
a2 47. Kg2 Kg5 48. h3 f5 49. Ra4 e4 50. Ra3 f4 51. Ra4 e3 52. fxe3 fxe3 53. Ra3
e2 0-1

[Event "Titled Tue 24th Jun Late"]
[Site "chess.com INT"]
[Date "2025.06.24"]
[Round "2"]
[White "Kalinin, Nikita An."]
[Black "Drygalov, Sergey"]
[Result "0-1"]
[WhiteTitle "FM"]
[BlackTitle "GM"]
[WhiteElo "2336"]
[BlackElo "2560"]
[WhiteFideId "34233512"]
[BlackFideId "24171743"]
[EventDate "2025.06.24"]

1. e4 c5 2. Nf3 d6 3. Bb5+ Nd7 4. d4 cxd4 5. Qxd4 a6 6. Be2 e5 7. Qe3 Ngf6 8.
O-O Nc5 9. Nfd2 Be7 10. c4 O-O 11. Nc3 Bd7 12. b3 Qb8 13. Bb2 b5 14. Nd5 Nxd5
15. cxd5 Bd8 16. Bxe5 dxe5 17. Qxc5 Bb6 18. Qe7 Ra7 19. Nf3 Re8 20. Qb4 a5 21.
Qd2 Qd6 22. Rac1 Bc5 23. Rb1 h6 24. h3 Rc8 25. Rfc1 Rac7 26. Ne1 Bb4 27. Qd1 Bc3
28. Nd3 Bd4 29. Bg4 b4 30. Bxd7 Qxd7 31. Rxc7 Rxc7 32. Rc1 Rc3 33. Rxc3 bxc3 34.
Ne1 Qb5 35. Nc2 a4 36. Qf1 Qb6 37. b4 a3 38. g3 Qg6 39. Qd3 Qg5 40. Kg2 Qd2 41.
Qa6 Qxf2+ 42. Kh1 Qg1# 0-1

[Event "Titled Tue 24th Jun Late"]
[Site "chess.com INT"]
[Date "2025.06.24"]
[Round "2"]
[White "Fiorito, Fabian"]
[Black "Kobo, Ori"]
[Result "0-1"]
[WhiteTitle "IM"]
[BlackTitle "GM"]
[WhiteElo "2274"]
[BlackElo "2493"]
[WhiteFideId "100200"]
[BlackFideId "2812320"]
[EventDate "2025.06.24"]

1. g3 c5 2. Bg2 Nc6 3. d3 d5 4. Nd2 e5 5. e4 d4 6. Ne2 h5 7. h3 h4 8. g4 Bd6 9.
Nc4 Bc7 10. f4 exf4 11. Nxf4 Nge7 12. O-O b5 13. Nd2 Ne5 14. Nf3 Qd6 15. Nxe5
Qxe5 16. Qf3 Bb7 17. a4 b4 18. Bd2 O-O-O 19. Rae1 Rhf8 20. Nh5 g5 21. Kf2 f5 22.
exf5 Bxf3 23. Rxe5 Bxg2 24. Rxe7 Bxh3 25. Rg1 Bd6 26. Re6 Bxg4 27. Rxg4 Rxf5+
28. Kg2 Kd7 29. Re1 Rdf8 30. Re2 Rf3 31. Be1 h3+ 32. Kg1 Rf1# 0-1

[Event "Titled Tue 24th Jun Late"]
[Site "chess.com INT"]
[Date "2025.06.24"]
[Round "2"]
[White "Terkiewicz, Bruno"]
[Black "Predein, Vladimir"]
[Result "1-0"]
[WhiteTitle "CM"]
[BlackTitle "IM"]
[WhiteElo "2183"]
[BlackElo "2373"]
[WhiteFideId "21093245"]
[BlackFideId "4117786"]
[EventDate "2025.06.24"]

1. Nf3 Nf6 2. c4 e6 3. b3 c5 4. Bb2 b6 5. d3 Bb7 6. Nbd2 Be7 7. e4 d5 8. Qe2 O-O
9. g3 d4 10. Bg2 Nbd7 11. e5 Ne8 12. O-O Qc7 13. Rfe1 g6 14. h4 Ng7 15. Nf1 f6
16. exf6 Bxf6 17. N1h2 e5 18. Ng4 Rae8 19. Nd2 Bxg2 20. Kxg2 Nf5 21. Ne4 Bg7 22.
Bc1 h5 23. Nh2 Nf6 24. Bg5 Qc6 25. Bxf6 Bxf6 26. Nf3 Bg7 27. Kh2 Nh6 28. Kg1 Ng4
29. Nfd2 Rf5 30. f3 Ne3 31. Nf1 Ref8 32. Nxe3 dxe3 33. Rf1 Bh6 34. g4 hxg4 35.
fxg4 Rxf1+ 36. Rxf1 Rxf1+ 37. Qxf1 Qe6 38. g5 Bg7 39. Qf3 e2 40. Qxe2 Qh3 41. h5
gxh5 42. g6 Qf5 43. Qg2 Bh6 44. Nd6 Be3+ 45. Kh1 Qf6 46. Qd5+ Kf8 47. g7+ Qxg7
48. Qa8+ Ke7 49. Nf5+ Kf6 50. Nxg7 Kxg7 51. Qxa7+ Kf6 52. Qxb6+ Kf5 53. Qc6 Bd4
54. Qe4+ Kf6 55. a4 h4 56. a5 h3 57. a6 Kg5 58. a7 h2 59. a8=Q 1-0

[Event "Titled Tue 24th Jun Late"]
[Site "chess.com INT"]
[Date "2025.06.24"]
[Round "2"]
[White "Mei, Austin"]
[Black "Reshetnikov, Alexey"]
[Result "0-1"]
[WhiteTitle "FM"]
[BlackTitle "IM"]
[WhiteElo "2280"]
[BlackElo "2492"]
[WhiteFideId "30948479"]
[BlackFideId "4162080"]
[EventDate "2025.06.24"]

1. e4 c5 2. Nf3 Nc6 3. Bb5 e6 4. O-O Nge7 5. Re1 a6 6. Bf1 d5 7. exd5 Qxd5 8.
Nc3 Qd8 9. Ne4 Nf5 10. b3 Be7 11. Bb2 O-O 12. a4 b6 13. d3 Bb7 14. Qd2 Qc7 15.
Rad1 Ncd4 16. Nfg5 Rfd8 17. Qc1 Rac8 18. Nh3 b5 19. axb5 axb5 20. Nf4 Nd6 21.
Nh5 Ne8 22. Re3 f5 23. Rg3 fxe4 24. dxe4 Bxe4 25. Bxb5 Bd6 26. Rg4 Bg6 27. Nxg7
Nxg7 28. Bc4 Bh5 29. Rh4 Bg6 30. Qh6 Qf7 31. f3 Ndf5 32. Qg5 Be7 0-1

[Event "Titled Tue 24th Jun Late"]
[Site "chess.com INT"]
[Date "2025.06.24"]
[Round "2"]
[White "Ferey, Antonin"]
[Black "Christiansen, Johan-Sebastian"]
[Result "0-1"]
[WhiteTitle "CM"]
[BlackTitle "GM"]
[WhiteElo "2238"]
[BlackElo "2642"]
[WhiteFideId "36051454"]
[BlackFideId "1512668"]
[EventDate "2025.06.24"]

1. d4 Nf6 2. Nf3 d6 3. c4 Bf5 4. Nc3 g6 5. g3 Bg7 6. Bg2 O-O 7. O-O Ne4 8. Bd2
Nxc3 9. Bxc3 Be4 10. Rc1 c6 11. d5 Bxc3 12. Rxc3 Nd7 13. Qd4 Bxf3 14. Bxf3 cxd5
15. cxd5 a5 16. Rfc1 Nc5 17. b3 Qb6 18. a3 Qb5 19. b4 axb4 20. axb4 Ra4 21. Rc4
Nb3 22. Qe3 Nxc1 23. Rxc1 Qd7 24. Qb6 Rc8 25. Rd1 Rc4 26. Rb1 h5 27. h4 Kg7 28.
b5 Rab4 29. Ra1 Rxb5 30. Qe3 Rbc5 31. Kh2 b5 32. Ra8 b4 33. Qb3 Qb7 34. Qb2+ Rc3
35. Qa1 b3 36. Ra7 b2 37. Qd1 Qxa7 0-1

[Event "Titled Tue 24th Jun Late"]
[Site "chess.com INT"]
[Date "2025.06.24"]
[Round "2"]
[White "Bhatia, Kanishka"]
[Black "Fandi, Mazen"]
[Result "0-1"]
[WhiteTitle "WCM"]
[BlackTitle "FM"]
[WhiteElo "1965"]
[BlackElo "2302"]
[WhiteFideId "2410095"]
[BlackFideId "7611625"]
[EventDate "2025.06.24"]

1. d4 Nf6 2. c4 e6 3. Nf3 d5 4. Nc3 Be7 5. Bg5 O-O 6. e3 c6 7. Qc2 Nbd7 8. Bd3
dxc4 9. Bxc4 h6 10. Bh4 b5 11. Bd3 a6 12. O-O c5 13. dxc5 Nxc5 14. Be2 Bb7 15.
Rfd1 Qc7 16. Rac1 Rac8 17. Bg3 Qb6 18. Qb1 b4 19. Ne5 bxc3 20. b4 Nce4 21. Bh4
c2 22. Rxc2 Nc3 23. Rxc3 Rxc3 24. Bxf6 Bxf6 25. Nd7 Qc7 26. Nxf8 Kxf8 27. b5
axb5 28. Qxb5 Qc6 29. Qb4+ Kg8 30. Bf3 Rc1 31. Qb3 Rxd1+ 32. Qxd1 Qc7 33. Be2
Bd5 34. a3 Qc3 35. h3 Qxa3 36. Qb1 Qa1 37. Qxa1 Bxa1 38. Bd3 Bf6 39. Be2 Kf8 40.
Bd3 Ke7 41. Kf1 Kd6 42. Bb5 Kc5 43. Be8 e5 44. Kg1 e4 45. Ba4 Be5 46. Bd1 f5 47.
Bh5 g5 48. Bg6 f4 49. Kf1 fxe3 50. fxe3 Kc4 51. Kf2 Kd3 52. Be8 Kd2 53. g3 Bd4
54. h4 Bxe3+ 55. Kg2 Bd4 56. Kh3 e3 57. Bh5 Ke1 58. hxg5 hxg5 59. Kg4 Kf2 0-1

[Event "Titled Tue 24th Jun Late"]
[Site "chess.com INT"]
[Date "2025.06.24"]
[Round "2"]
[White "Asish Panda"]
[Black "Lugo, Blas"]
[Result "1-0"]
[BlackTitle "IM"]
[WhiteElo "1911"]
[BlackElo "2399"]
[WhiteFideId "45012458"]
[BlackFideId "2011263"]
[EventDate "2025.06.24"]

1. e4 e5 2. Nf3 Nc6 3. Bc4 Nf6 4. d3 Bc5 5. c3 d6 6. Nbd2 O-O 7. Nf1 Ng4 8. Ne3
Kh8 9. O-O f5 10. exf5 Nxe3 11. Bxe3 Bxe3 12. fxe3 Bxf5 13. e4 Bg4 14. Qe2 Qf6
15. Rf2 Qh6 16. Raf1 Rf4 17. Qe1 Raf8 18. Nd2 g5 19. g3 R4f6 20. Qe3 Bh3 21.
Rxf6 Rxf6 22. Rf3 Qf8 23. Qxg5 Rxf3 24. Nxf3 Na5 25. Kf2 Nxc4 26. dxc4 Qf7 27.
b3 h5 28. Qd8+ Kg7 29. Qg5+ Kh7 30. Ke3 Bg4 31. Qxg4 hxg4 32. Ng5+ Kg6 33. Nxf7
Kxf7 34. Kf2 Kg6 35. Kg2 Kg5 36. h3 Kh5 37. hxg4+ Kxg4 38. Kf2 Kh3 39. Kf3 c5
40. b4 a6 41. a3 b6 42. a4 cxb4 43. cxb4 a5 44. b5 Kh2 45. g4 Kh3 46. g5 Kh4 47.
g6 Kg5 48. g7 Kf6 49. g8=Q 1-0

[Event "Titled Tue 24th Jun Late"]
[Site "chess.com INT"]
[Date "2025.06.24"]
[Round "2"]
[White "Linares Orellana, Hector Jose"]
[Black "Erdogan, Anil Berk"]
[Result "1-0"]
[WhiteTitle "FM"]
[BlackTitle "CM"]
[WhiteElo "2111"]
[BlackElo "2091"]
[WhiteFideId "7304307"]
[BlackFideId "6348173"]
[EventDate "2025.06.24"]

1. e4 c5 2. Nf3 g6 3. c3 Bg7 4. d4 cxd4 5. cxd4 d5 6. e5 Bg4 7. Be2 e6 8. Nc3
Ne7 9. Be3 O-O 10. Qd2 Nbc6 11. O-O Nf5 12. h3 Bxf3 13. Bxf3 Qb6 14. Rfd1 Nxe3
15. fxe3 Na5 16. b3 Rac8 17. Na4 Qb5 18. Be2 Nc4 19. Nc5 Nxd2 20. Bxb5 Ne4 21.
Nxe4 dxe4 22. Rac1 Rfd8 23. Kf2 a6 24. Bf1 Bf8 25. g4 Ba3 26. Rxc8 Rxc8 27. Rd2
Kf8 28. Bg2 Ke7 29. Bxe4 Rc7 30. Ke2 b6 31. Kd3 Kf8 32. Rc2 Rxc2 33. Kxc2 Kg7
34. Kd3 Kh6 35. h4 Be7 36. h5 Kg5 37. hxg6 fxg6 38. Bf3 h5 39. gxh5 gxh5 40. Bb7
a5 41. Bc8 Kf5 42. e4+ Kf4 43. Bxe6 h4 44. Bf5 Bb4 45. Kc4 Ba3 46. Kb5 Bb2 47.
e6 Ba3 48. Kxb6 Kg3 49. d5 h3 50. Bxh3 Kxh3 51. e5 Kg4 52. d6 Kf5 53. e7 Kxe5
54. e8=Q+ Kxd6 55. Qf8+ Kd5 56. Qxa3 Kd4 57. Qxa5 Kd3 58. Qc5 Kd2 59. a4 Kd1 60.
a5 Kd2 61. a6 Ke2 62. a7 Kf3 63. a8=Q+ Ke2 64. Qe8+ Kf1 65. Qf5+ Kg2 66. Qg8+
Kh2 67. Qfh7# 1-0

[Event "Titled Tue 24th Jun Late"]
[Site "chess.com INT"]
[Date "2025.06.24"]
[Round "2"]
[White "Amburgy, Ryan"]
[Black "Anakok, Deniz"]
[Result "1-0"]
[WhiteTitle "FM"]
[BlackTitle "CM"]
[WhiteElo "2332"]
[BlackElo "2058"]
[WhiteFideId "30924820"]
[BlackFideId "51603586"]
[EventDate "2025.06.24"]

1. d4 Nf6 2. Nc3 d5 3. Bf4 c6 4. e3 e6 5. Nf3 Bd6 6. Ne5 Qe7 7. Bd3 Nbd7 8. O-O
O-O 9. Qf3 Bxe5 10. dxe5 Ne8 11. Qg3 f5 12. exf6 Nexf6 13. Bd6 Qf7 14. Bxf8 Qxf8
15. e4 d4 16. Ne2 c5 17. e5 Nd5 18. Qh3 g6 19. Qxe6+ Qf7 20. Qxf7+ Kxf7 21. Be4
N7b6 22. c4 Ne7 23. b3 Rb8 24. f4 Be6 25. Rf2 Bf5 26. Ng3 Ke6 27. Nxf5 gxf5 28.
Bf3 Ng6 29. g3 Ne7 30. g4 Rg8 31. Rg2 Rd8 32. Re1 d3 33. Bxb7 Rd4 34. gxf5+ Nxf5
35. Rf2 Nh4 36. Bg2 d2 37. Rd1 Nxg2 38. Kxg2 Kf5 39. Rdxd2 Re4 40. Rd6 Nc8 41.
Rf6+ Kg4 42. h3+ Kh4 43. Rh6# 1-0

[Event "Titled Tue 24th Jun Late"]
[Site "chess.com INT"]
[Date "2025.06.24"]
[Round "2"]
[White "Atanasov, Anthony"]
[Black "Krishnakumar, Sriram"]
[Result "1-0"]
[WhiteTitle "IM"]
[BlackTitle "FM"]
[WhiteElo "2417"]
[BlackElo "2197"]
[WhiteFideId "2623897"]
[BlackFideId "30915856"]
[EventDate "2025.06.24"]

1. d4 d5 2. Bf4 Nf6 3. e3 e6 4. Nf3 Bd6 5. Nbd2 O-O 6. c3 c5 7. Bd3 Qc7 8. Bxd6
Qxd6 9. Ne5 b6 10. f4 Bb7 11. Qf3 Nbd7 12. g4 Ne8 13. g5 Nxe5 14. fxe5 Qe7 15.
Qh5 g6 16. Qh6 Ng7 17. h4 Nf5 18. Bxf5 exf5 19. h5 Rfd8 20. Rh4 Rd7 21. Kf2 Qe6
22. Rah1 Ba6 23. Nb3 Rc8 24. Nc1 Rcc7 25. R1h2 Bc4 26. b3 Ba6 27. R2h3 Bb5 28.
Rf4 a5 29. Rfh4 Ba6 30. a4 c4 31. b4 axb4 32. cxb4 c3 33. b5 Bb7 34. Rh1 c2 35.
Ke2 Rc3 36. Kd2 Rdc7 37. Ne2 R3c4 38. Nf4 Qe7 39. Qxh7+ 1-0

[Event "Titled Tue 24th Jun Late"]
[Site "chess.com INT"]
[Date "2025.06.24"]
[Round "2"]
[White "Barrientos, Ernesto"]
[Black "Khenkin, Igor"]
[Result "0-1"]
[WhiteTitle "CM"]
[BlackTitle "GM"]
[WhiteElo "2027"]
[BlackElo "2499"]
[WhiteFideId "3701247"]
[BlackFideId "4659600"]
[EventDate "2025.06.24"]

1. e4 c6 2. d4 d5 3. exd5 cxd5 4. Nf3 Bg4 5. Bd3 Nc6 6. c3 e6 7. Bf4 Bd6 8. Bxd6
Qxd6 9. O-O Nf6 10. Re1 O-O 11. Nbd2 Rab8 12. a4 a6 13. a5 Qc7 14. Qa4 Bh5 15.
Ne5 Nxe5 16. Rxe5 Bg6 17. Bxg6 hxg6 18. Nb3 Ng4 19. f4 Nxe5 20. fxe5 b5 21. Qb4
Qc4 22. Nc5 Qxb4 23. cxb4 Ra8 24. Rf1 Rfc8 25. g4 g5 26. Kg2 Rc6 27. Kg3 Ra7 28.
h4 gxh4+ 29. Kxh4 Kh7 30. g5 Rc8 31. Kg4 Rh8 32. Nd3 Kg8 33. g6 Rh2 34. Rc1 Rg2+
35. Kf3 Rxg6 36. Rc8+ Kh7 37. Nc5 Rh6 38. Rc6 Rh3+ 39. Kg4 Rh2 40. Nxa6 Rxb2 41.
Nc7 Rxb4 42. a6 Rxd4+ 43. Kg3 Ra4 44. Nxb5 R7xa6 45. Rc7 Kg6 46. Nd6 Ra3+ 47.
Kf2 Rxd6 48. exd6 Ra6 49. d7 Rd6 50. Ke3 d4+ 51. Ke4 d3 52. Ke5 Rd5+ 53. Ke4 d2 0-1

[Event "Titled Tue 24th Jun Late"]
[Site "chess.com INT"]
[Date "2025.06.24"]
[Round "2"]
[White "Bluebaum, Matthias"]
[Black "Novosel, Lovro"]
[Result "1-0"]
[WhiteTitle "GM"]
[BlackTitle "FM"]
[WhiteElo "2663"]
[BlackElo "2338"]
[WhiteFideId "24651516"]
[BlackFideId "14547120"]
[EventDate "2025.06.24"]

1. d4 Nf6 2. c4 e6 3. Nc3 Bb4 4. e3 O-O 5. Bd2 d5 6. Nf3 b6 7. cxd5 exd5 8. Rc1
a6 9. Bd3 Re8 10. Ne5 Bb7 11. O-O Bd6 12. f4 Nbd7 13. Be1 Ne4 14. Nxe4 dxe4 15.
Bc4 Rf8 16. Qb3 Qe8 17. Bh4 b5 18. Bd5 Bxd5 19. Qxd5 Nb6 20. Qb3 Kh8 21. Be1 f6
22. Ng4 Qd7 23. Nf2 f5 24. Bb4 Bxb4 25. Qxb4 Nd5 26. Qd2 c6 27. Nd1 Rac8 28. Nc3
c5 29. dxc5 Rxc5 30. b4 Rxc3 31. Rxc3 Qe6 32. Rc5 Nf6 33. Rd1 h6 34. h3 Nh5 35.
Qd5 Qg6 36. Qd6 Rf6 37. Qb8+ Kh7 38. Rc8 Qg3 39. Rh8+ Kg6 40. Qe8+ Rf7 41. Rd6+
Nf6 42. Rxf6+ Kxf6 43. Qc6+ Ke7 44. Re8# 1-0

[Event "Titled Tue 24th Jun Late"]
[Site "chess.com INT"]
[Date "2025.06.24"]
[Round "2"]
[White "Bucci, Andrea"]
[Black "Bogaudinov, Rushan"]
[Result "0-1"]
[BlackTitle "FM"]
[WhiteElo "1526"]
[BlackElo "1912"]
[WhiteFideId "28546890"]
[BlackFideId "4129288"]
[EventDate "2025.06.24"]

1. e4 c5 2. Nf3 e6 3. d3 Nc6 4. Nbd2 d5 5. c3 Nf6 6. g3 Be7 7. Bg2 O-O 8. O-O b5
9. Re1 a5 10. e5 Nd7 11. Nf1 a4 12. a3 Na5 13. d4 Nb3 14. Rb1 cxd4 15. cxd4 Nb6
16. N1d2 Na5 17. Bf1 Bd7 18. Bd3 b4 19. axb4 Bxb4 20. Qe2 Nb3 21. Rd1 h6 22.
Nxb3 axb3 23. Bf4 Qe7 24. h4 Rfc8 25. Nh2 Nc4 26. Qg4 Kf8 27. Qh5 Ke8 28. Ng4
Kd8 29. Nxh6 gxh6 30. Qxh6 Kc7 31. Bg5 Qf8 32. Qh5 Kb6 33. Qe2 Ra2 34. Bxc4 Rxc4
35. Be3 Bb5 36. Qh5 Rc2 37. Bh6 Qg8 38. Be3 Be2 39. Qh6 Bxd1 40. Rxd1 Raxb2 41.
Qf6 Ra2 42. h5 b2 43. h6 Ra1 44. Qe7 Bxe7 0-1

[Event "Titled Tue 24th Jun Late"]
[Site "chess.com INT"]
[Date "2025.06.24"]
[Round "2"]
[White "Lira, Suan Bruno Fernandes"]
[Black "Pavlidou, Ekaterini"]
[Result "0-1"]
[BlackTitle "WIM"]
[WhiteElo "2163"]
[BlackElo "2198"]
[WhiteFideId "22794620"]
[BlackFideId "4213262"]
[EventDate "2025.06.24"]

1. e4 c5 2. Nf3 e6 3. d4 cxd4 4. Nxd4 Nf6 5. Nc3 Nc6 6. Ndb5 Bc5 7. Bf4 O-O 8.
Bc7 Qe7 9. Bd6 Bxd6 10. Qxd6 Qd8 11. O-O-O a6 12. Nd4 Qb6 13. Na4 Qa5 14. Nc3
Nxd4 15. Rxd4 b5 16. Rg1 Bb7 17. g4 Rac8 18. g5 Nxe4 19. Nxe4 Qe1+ 20. Rd1 Qxe4
21. Bd3 Qa4 22. Kb1 Bd5 23. b3 Qa5 24. h4 Qc7 25. Qa3 a5 26. h5 b4 27. Qc1 a4
28. bxa4 Ra8 29. Bb5 Rfb8 30. Qb2 Rxb5 31. h6 Qc3 32. axb5 Bxa2+ 33. Kc1 Bc4 34.
Qxc3 bxc3 35. Kb1 Ba2+ 36. Kc1 Bc4 37. Kb1 d5 38. hxg7 e5 39. Rge1 e4 40. Rd4
Ba2+ 41. Kc1 Bc4 42. Kd1 Ra1# 0-1